Mấy vấn đề triết học văn hóa

Đã lưu trong:
書目詳細資料
主要作者: NGUYỄN HUY HOÀNG
格式: 圖書
語言:Undetermined
出版: Hà Nội VHTT 2002
主題:
標簽: 添加標簽
沒有標簽, 成為第一個標記此記錄!
Thư viện lưu trữ: Trung tâm Học liệu Trường Đại học Cần Thơ
LEADER 00479nam a2200169Ia 4500
001 CTU_49127
008 210402s9999 xx 000 0 und d
082 |a 109 
082 |b H407 
100 |a NGUYỄN HUY HOÀNG 
245 0 |a Mấy vấn đề triết học văn hóa 
245 0 |c NGUYỄN HUY HOÀNG 
260 |a Hà Nội 
260 |b VHTT 
260 |c 2002 
650 |a philosophy - history 
980 |a Trung tâm Học liệu Trường Đại học Cần Thơ